000 00853nam a2200265Ia 4500
003 OSt
005 20221005052632.0
006 a|||||r|||| 00| 0
007 ta
008 221004b |||||||| |||| 00| 0 eng d
020 _a9781844076505 (pbk)
_c3006.23
024 _a99163
037 _b276, 23/12/2009, Kilaso Books
_cTextual
040 _aCRL
_cCRL
_beng
041 _2eng
_aeng
082 _aD85, P9
100 _aLenton Roberto Ed.
_9596926
245 0 _aIntegrated water resources management in practice
_b Better water management for development
260 _aLondon
_bEarthscan UK
_c2009
300 _axx,228p.
_ccm.
650 _aENGINEERING
700 _a Carriger Sarah Ed.
_9596927
942 _hD85, P9
_cTEXL
_2cc
999 _c960723
_d960723